Score 0/22 Timer 03:00
2 Plays Today
% Correct
LIME
95.3%
DOGS
90.5%
LIMA
87.6%
PERU
85.1%
PORE
82.1%
LIRE
81.7%
LORE
78.4%
PORK
76.1%
FIRE
75.8%
PERK
75.2%
DOME
72.4%
% Correct
DOGE
67.6%
SIRE
60.5%
SURE
59.1%
POGS
40.3%
LOME
32.7%
TOGO
32.7%
FIJI
31.7%
FIJE
28.2%
POGO
25%
SURA
19.4%
SUVA
13.2%

Today's Daily Dose

Missing Word
Lizzo Songs

Get the Picture
The Longest Rivers

Remove Ads.
Support Sporcle.
Get the best of Sporcle when you Go Orange. This ad-free experience offers more features, more stats, and more fun while also helping to support Sporcle. Thank you for becoming a member.

You're not logged in!

Compare scores with friends on all Sporcle quizzes.
OR
Log In

Show Comments

Extras

Top Quizzes Today


Score Distribution

Your Account Isn't Verified!

In order to create a playlist on Sporcle, you need to verify the email address you used during registration. Go to your Sporcle Settings to finish the process.

Report this User

Report this user for behavior that violates our Community Guidelines.

Details: